000
00328nam a22001577a 4500
999
_c
2879
_d
2879
003
NUST
020
_a
8131500837
038
_a
0
082
_a
150
100
_a
Edward E.Smith
_9
12287
245
_a
Introduction to Psychology
250
_a
14th ed.
260
_a
Australia
_b
Thomson
_c
2003.
300
_a
677p
942
_c
BK
_2
ddc